000 01441nam a2200241Ia 4500
999 _c51427
_d51427
001 18413
003 GE_BSU
005 20250428103519.0
008 181216s2015||||ge |||||||||||||| ||geo||
040 _cGE_BSU
041 _ageo
080 _a091(=353.1) ტ-88
100 _aტუღუში, ზოია
_924954
245 _aხელნაწერთა ეროვნული კვლევის სპეციფიკა მუზეუმებში :
_b(ეგნატე ნინოშვილის მუზეუმის გამოცდილებიდან) /
_cზოია ტუღუში; რედაქტორი ნონა გიგინეიშვილი; წინათქმა ალ. ღლონტი.
264 _aლანჩხუთი :
_bშპს "ჰო და არას" სტ,
_c2015.
300 _a54 გვ.;
_b20 სმ.
653 _aმემორიალური სახლ–მუზეუმები
653 _aსამუზეუმო მასალების შეგროვება
653 _aქართული ენა -- გურული დიალექტი
700 _aგიგინეიშვილი, ნონა
_eრედაქტორი
_924955
700 _aღლონტი, ალექსანდრე
_eწინასიტყვაობის ავტორი
_97842
942 _cBK
_2udc